10 najbardziej wysuniętych na północ powiatów w Polsce - Statystyki

Ogólne statystyki
  • Ten quiz został rozwiązany 1 275 razy
  • Średni wynik to 6 z 10
Statystyki odpowiedzi
Powiat % Poprawnych
Słupsk
82%
pucki
81%
wejherowski
75%
Gdynia
69%
słupski
68%
Sopot
60%
lęborski
58%
sławieński
36%
kartuski
31%
bytowski
26%
Nie znaleziono quizów pasujących do podanych kryteriów
Rozkład punktacji
Procent ludzi z każdym wynikiem
Percentyl według liczby udzielonych odpowiedzi
Twoja historia wyników
Nie rozwiązałeś tego quizu